01260cam a2200277 4500001001300000003000400013005001700017008004100034010001700075040004500092050002200137051002600159082001300185100003100198245014600229260012800375300005700503490004500560504002500605650006600630651005700696700004500753700006400798740007100862830004900933gs 67000301 DLC20260227111421.0700727s1968 dcuab b 000 0 eng c ags 67000301  aU.S. Geological Survey LibrarycDLCdDLC00aQE75b.P9 no. 587 aQE166.G7bK5cCopy 2.00a550/.8 s1 aKing, Philip Burke,d1903-10aGeology of the Great Smoky Mountains National Park. Tennessee and North Carolina,cby Philip B. King, Robert B. Neuman, and Jarvis B. Hadley. aWashington,b[U.S. Dept. of the Interior, Geological Survey; for sale by the Supt. of Docs.] U.S. Govt. Print. Off.,c1968. av, 23 p.billus., fold. col. map (in pocket)c29 cm.1 aGeological Survey professional paper 587 aBibliography: p. 23. 0aGeologyzGreat Smoky Mountains National Park (N.C. and Tenn.) 0aGreat Smoky Mountains National Park (N.C. and Tenn.)1 aNeuman, Robert B.,d1920-ejoint author.1 aHadley, Jarvis B.q(Jarvis Bardwell),d1909-ejoint author.0 aGreat Smoky Mountains National Park, Tennessee and North Carolina. 0aGeological Survey professional paper ;v587.